Datum a čas kvízu
26.5
Celkem bodů
Celkový počet nahraných bodů na tomto kvízu bez doplňovacích otázek.
7.
Pořadí na kvízu
Konečné umístění týmu na tomto kvízu.
Zaznamenané odpovědi
| # | Otázka | Odpověď | Body | Výsledky |
|---|---|---|---|---|
| 1. | V pátek si olomoucká zoo přips... | o lva | 1 | |
| 2. | Poblíž které metropole došlo v... | poblíž Sydney | 1 | |
| 3. | Jistý populární komediální ser... | Mr. Bean | 1 | |
| 4. | Známý šéfkuchař Přemek Forejt... | McDonald’s | 1 | |
| 5. | Jedna česká úspěšná sportovkyn... | Kateřina Neumannová | 0 | |
| 6. | Začneme v Africe. Jak se dnes... | Zimbabwe | 0 | |
| 7. | Že Cejlon byl v roce 1972 přej... | C | 0 | |
| 8. | Thajsko je jedinou zemí jihový... | Siam, Město Andělů | 0 | |
| 9. | Zřejmě víte, že na území dnešn... | Robinson Crusoe | 0 | |
| 10. | Vzpomenete si na název tohoto... | Německá demokratická republika (Východní Německo) | 0 |